02449cam a22003615i 4500999001700000001001000017003000900027005001700036008004100053020002300094020002200117020002500139040004500164082002100209245007300230264004000303300002400343336002600367337002800393338002700421490001400448504006600462505093500528520026901463650002101732650002201753653002501775655001701800700003301817856007801850942001201928952014701940 c27664d27635013059090EG-ScBUE20191003104505.0050616s2005 enk f b 001 0 eng d a1859845231 (cased) a1859844898 (pbk.) a9781859844892 (pbk.) aStDuBDSbengerdacStDuBDSdUkdEG-ScBUE04a324.213bPOP22200aPopulism and the mirror of democracy /cedited by Francisco Panizza. 1aLondon ;aNew York :bVerso,c2005. a358 pages ;c20 cm. atextbtxt2rdacontent aunmediatedbn2rdamedia avolumebnc2rdacarrier0 aPhronesis aIncludes bibliographical references (p. [317]-338) and index.0 aIntroduction : Populism and the mirror of democracy / Francisco Panizza -- Populism : what's in a name? / Ernesto Laclau -- The "end of politics" and the challenge of right-wing populism / Chantal Mouffe -- Populism as an internal periphery of democratic politics / Benjamin Arditi -- Skinhead conservatism : a failed populist project / Oscar Reyes -- Constitutive violence and the nationalist imaginary : the making of "the people" in Palestine and "former Yugoslavia" / Glenn Bowman -- From founding violence to political hegemony : the conservative populism of George Wallace / Joseph Lowndes -- Populism and the New Right in English Canada / David Laycock -- Populism or popular democracy? : the UDF, workerism, and the struggle for radical democracy in South Africa / David Howarth -- Religion and populism in contemporary Greece / Yannis Stavrakakis -- The discursive continuities of the Menemist rupture / Sebastian Barros. aTopics covered by the contributors to this volume include populism and the new right in English Canada, religion and populism in contemporary Greece, populism as an internal periphery of democratic politics, and the discursive continuities of the Menemist rupture. 7aPopulism.2BUEsh 7aDemocracy.2BUEsh bMASPPSScOctober2019 vReading book1 aPanizza, Francisco,eeditor.413Table of contentsuhttp://www.loc.gov/catdir/toc/ecip0515/2005017442.html 2ddccBB 00102ddc40708BaccahaMAINbMAINc1STd2019-10-03ePurchaseg480.00l0o324.213 POPp000048079r2025-07-15 00:00:00v600.00w2019-10-03yBB